| 000 | 00481nam a2200169Ia 4500 | ||
|---|---|---|---|
| 999 |
_c36066 _d36066 |
||
| 003 | OSt | ||
| 005 | 20201215113656.0 | ||
| 008 | 190216s9999||||xx |||||||||||||| ||und|| | ||
| 040 | _coclc | ||
| 082 |
_a894.8128 _bALE/M |
||
| 100 |
_aAlexeev, V P _97508 |
||
| 245 | 0 |
_aManushya Vamshathinte Ulpathi / _cV P Alexeev |
|
| 260 |
_bProgress Publications, _c1986. |
||
| 300 | _a363p | ||
| 650 | _aMalayalam | ||
| 942 |
_cREF _2ddc _h894.8128 _iALE/M _k894.8128 _mALE/M |
||